Sports Quiz

Random Sports or MLB Quiz
Score 0/134 Timer 16:00
1 Play Today
Year Player % Correct
2020Mookie Betts
91.6%
2009Derek Jeter
89.6%
2006Derek Jeter
89.6%
2003Alex Rodriguez
88.3%
2002Alex Rodriguez
88.3%
2004Ivan Rodriguez
88%
1999Ivan Rodriguez
88%
1998Ivan Rodriguez
88%
1997Ivan Rodriguez
88%
1996Ivan Rodriguez
88%
1995Ivan Rodriguez
88%
1994Ivan Rodriguez
88%
2018Mookie Betts
87.6%
2019Mookie Betts
86.9%
1999Ken Griffey Jr.
86%
1998Ken Griffey Jr.
86%
1997Ken Griffey Jr.
86%
1996Ken Griffey Jr.
86%
1994Ken Griffey Jr.
86%
1993Ken Griffey Jr.
86%
1991Ken Griffey Jr.
86%
2009Joe Mauer
85.7%
2008Joe Mauer
85.7%
2005Andruw Jones
85.5%
2013Adam Jones
84.5%
1997Barry Bonds
84.5%
1996Barry Bonds
84.5%
1994Barry Bonds
84.5%
1993Barry Bonds
84.5%
1992Barry Bonds
84.5%
1991Barry Bonds
84.5%
1990Barry Bonds
84.5%
2010Joe Mauer
83.1%
2012Yadier Molina
82.8%
2013Yadier Molina
82.8%
2013Paul Goldschmidt
82.2%
2015Paul Goldschmidt
82.2%
2017Paul Goldschmidt
82.2%
2008David Wright
80.1%
2007David Wright
80.1%
2018Nolan Arenado
79.8%
2016Mookie Betts
79.2%
2019Cody Bellinger
78.9%
1997Craig Biggio
78.9%
1995Craig Biggio
78.9%
Year Player % Correct
1994Craig Biggio
78.9%
2010Carlos González
78.4%
2016Anthony Rizzo
78.3%
2015José Altuve
78.2%
2009Evan Longoria
77.6%
2009Ryan Zimmerman
77.1%
2008Dustin Pedroia
77%
2010Albert Pujols
76.8%
2012Robinson Cano
76%
2010Robinson Cano
76%
2015Nolan Arenado
75.9%
2016Nolan Arenado
75.9%
2017Nolan Arenado
75.9%
1994Jeff Bagwell
75.9%
2009Ichiro Suzuki
75.1%
2007Ichiro Suzuki
75.1%
2001Ichiro Suzuki
75.1%
2002Todd Helton
74.9%
2001Todd Helton
74.9%
2007Jimmy Rollins
74.6%
2012Andrew McCutchen
73.5%
2014Adrián González
73.5%
2011Adrián González
73.4%
1991Cal Ripken Jr.
73.2%
2017Eric Hosmer
72.2%
2011Troy Tulowitzki
72.1%
2010Troy Tulowitzki
72.1%
1996Barry Larkin
71.9%
1995Barry Larkin
71.9%
2011Adrian Beltre
71.4%
2018Salvador Pérez
71.2%
1999Larry Walker
69.8%
1997Larry Walker
69.8%
1992Larry Walker
69.8%
2015Brandon Crawford
68.9%
2000Roberto Alomar
68.8%
1999Roberto Alomar
68.8%
1996Roberto Alomar
68.8%
1992Roberto Alomar
68.8%
2010Carl Crawford
68.8%
2016Salvador Pérez
68.6%
2009Matt Kemp
66.9%
2005Jason Varitek
66.8%
2009Mark Teixeira
66.6%
2005Mark Teixeira
66.6%
Year Player % Correct
1991Ryne Sandberg
65.7%
1990Ryne Sandberg
65.7%
2019Zack Greinke
62.4%
2007Russell Martin
62.3%
2005Derek Lee
62.3%
1992Kirby Puckett
62.2%
2011Matt Kemp
62.2%
2002Scott Rolen
62.1%
2004Jim Edmonds
60.3%
2015Dee Gordon
59%
2007Carlos Beltran
58.7%
2006Carlos Beltran
58.7%
2011Brandon Phillips
57.4%
1994Matt Williams
56.6%
1993Matt Williams
56.6%
1997Matt Williams
56.6%
2019J.T. Realmuto
56.5%
2017Marcell Ozuna
54.6%
2002Eric Chavez
52.5%
2013J.J. Hardy
52.5%
1996Ken Caminiti
51.6%
2018Nick Markakis
50.3%
1993Jay Bell
49.9%
2003Bret Boone
49.8%
1998Rafael Palmeiro
49.1%
2008Grady Sizemore
48.9%
1991Will Clark
48%
2003Edgar Renteria
46.2%
2002Edgar Renteria
46.2%
1997Chuck Knoblauch
43%
2011Jacoby Ellsbury
42.1%
1994Wade Boggs
41.1%
2012Chase Headley
40.9%
1990Benito Santiago
40.8%
1992Andy Van Slyke
40.3%
2009Torii Hunter
38.4%
1999Shawn Green
36.1%
2000Darin Erstad
33.5%
2007Placido Polanco
33.2%
2012Adam LaRoche
31.4%
2003Mike Hampton
30.1%
1990Kelly Gruber
23.7%
1993Robby Thompson
21.6%
1990Ellis Burks
20.1%
Remove Ads.
Support Sporcle.
Get the best of Sporcle when you Go Orange. This ad-free experience offers more features, more stats, and more fun while also helping to support Sporcle. Thank you for becoming a member.

You're not logged in!

Compare scores with friends on all Sporcle quizzes.
OR
Log In

Show Comments

Extras

Top Quizzes Today


Score Distribution

Your Account Isn't Verified!

In order to create a playlist on Sporcle, you need to verify the email address you used during registration. Go to your Sporcle Settings to finish the process.

Report this User

Report this user for behavior that violates our Community Guidelines.

Details: